000 00302nam a22001217a 4500
008 181001b xxu||||| |||| 00| 0 eng d
041 _aeng
080 _22nd
_a530
100 _a43
101 _aFIZ
245 _aConceptual physics a new introduction to your environment
_cHewitt,P.G
942 _2udc
_cBK
999 _c48756
_d48756